[Event "SVK-chT3B2 2223"]
[Site "Slovakia"]
[Date "2022.12.04"]
[Round "3.2"]
[White "Mysiak, Juraj"]
[Black "Motuzova, Marta"]
[Result "1/2-1/2"]
[WhiteElo "1868"]
[BlackElo "1775"]
[PlyCount "110"]
[EventDate "2022.10.23"]
[EventType "team-tourn"]
[EventRounds "11"]
[EventCountry "SVK"]
[SourceTitle "EXT 2024"]
[Source "ChessBase"]
[SourceDate "2023.10.10"]
[SourceVersion "1"]
[SourceVersionDate "2023.10.10"]
[SourceQuality "1"]
[WhiteTeam "Povazska Bystrica Sparta II"]
[BlackTeam "Puchov Vcielka"]
[WhiteTeamCountry "SVK"]
[BlackTeamCountry "SVK"]

1. b3 e5 2. Bb2 Nc6 3. e3 Nf6 4. Nf3 Bd6 5. c4 0-0 6. Be2 Re8 7. 0-0 e4 8. Nd4 Be5 9. d3 exd3 10. Qxd3 Nb4 11. Qd2 c5 12. Nf3 Bxb2 13. Qxb2 Qe7 14. a3 Na6 15. Nc3 Nc7 16. Rad1 d6 17. Qd2 Rd8 18. b4 Bf5 19. h3 h6 20. Bd3 Bxd3 21. Qxd3 d5 22. cxd5 Ncxd5 23. Nxd5 Rxd5 24. Qc4 Rxd1 25. Rxd1 cxb4 26. Qxb4 Qxb4 27. axb4 Rc8 28. b5 a6 29. bxa6 bxa6 30. Ra1 Rc6 31. Ne5 Re6 32. Nd3 Nd7 33. Kf1 Rb6 34. Ke2 g6 35. Ra4 Kg7 36. Rb4 Rc6 37. Rb7 Rd6 38. Ra7 g5 39. e4 h5 40. Nb4 Rd4 41. Nxa6 Rxe4+ 42. Kd3 Nf6 43. Nc5 Re5 44. Nb3 Rb5 45. Nd4 Rb2 46. Ke3 Nd5+ 47. Ke4 Nf6+ 48. Kf3 Rb6 49. Ke3 Kg6 50. Nf3 Rb3+ 51. Ke2 Rb2+ 52. Ke3 Rb3+ 53. Ke2 Rb2+ 54. Nd2 Ne4 55. Rd7 Rxd2+ 1/2-1/2

[Event "SVK-chT1W 2223"]
[Site "Slovakia"]
[Date "2022.12.03"]
[Round "5.8"]
[White "Motuzova, Marta"]
[Black "Orgon, Dusan"]
[Result "1-0"]
[WhiteElo "1775"]
[BlackElo "1986"]
[PlyCount "185"]
[EventDate "2022.10.15"]
[EventType "team-tourn"]
[EventRounds "11"]
[EventCountry "SVK"]
[SourceTitle "EXT 2024"]
[Source "ChessBase"]
[SourceDate "2023.10.10"]
[SourceVersion "1"]
[SourceVersionDate "2023.10.10"]
[SourceQuality "1"]
[WhiteTeam "Povazska Bystrica"]
[BlackTeam "Dubnica nad Vahom II"]
[WhiteTeamCountry "SVK"]
[BlackTeamCountry "SVK"]

1. d4 b6 2. e4 Bb7 3. Bd3 e6 4. Ne2 d5 5. e5 Nc6 6. c3 Qd7 7. Be3 f6 8. f4 0-0-0 9. Qa4 Kb8 10. Nd2 Nxe5 11. Bb5 Bc6 12. Bxc6 Qxc6 13. Qc2 Ng4 14. Bg1 Ne7 15. h3 Nh6 16. Nf3 Nc8 17. Bh2 Nf5 18. Qd3 Nfd6 19. b3 Ne4 20. a4 Bd6 21. 0-0 g5 22. fxg5 Nxg5 23. Nxg5 fxg5 24. Rf7 h5 25. Rh7 Bxh2+ 26. Kxh2 Nd6 27. Qg6 Rxh7 28. Qxh7 Qe8 29. Qh6 Ne4 30. Rf1 h4 31. Rf3 Qe7 32. b4 Kb7 33. Qg6 Rd7 34. Qg8 Qd6+ 35. Kg1 Rd8 36. Qg7 Rd7 37. Qg8 Qe7 38. b5 Rd8 39. Qg6 Rf8 40. Rxf8 Qxf8 41. Qxe6 Qf2+ 42. Kh2 Nf6 43. Qc6+ Kb8 44. Qe6 g4 45. Ng1 Qf4+ 46. Kh1 Qg5 47. hxg4 Nxg4 48. Qe8+ Kb7 49. Qc6+ Kc8 50. Qe8+ Qd8 51. Qxd8+ Kxd8 52. Nf3 Nf2+ 53. Kh2 Ne4 54. Ne5 Nxc3 55. Nc6+ Kd7 56. Nxa7 Nxa4 57. Kh3 Nc3 58. Kxh4 Ne2 59. Nc6 Nc3 60. Nb4 Ke6 61. g4 Nxb5 62. Nc2 Nd6 63. Kg3 Ne4+ 64. Kf4 Kf6 65. Nb4 Nc3 66. g5+ Ke6 67. g6 Ne2+ 68. Ke3 Nxd4 69. Nd3 Nf5+ 70. Kf4 c5 71. Kg5 Ne7 72. Nf4+ Ke5 73. g7 Ng8 74. Nd3+ Kd6 75. Kf5 b5 76. Kg6 c4 77. Nb4 c3 78. Kf7 Nh6+ 79. Kg6 Ng8 80. Kf7 Ne7 81. Nc2 Kd7 82. Kf6 Kd6 83. Kf7 Kd7 84. Kf8 d4 85. Nxd4 b4 86. Nb3 Ke6 87. Nd4+ Kf6 88. Nb3 Ng6+ 89. Kg8 Nf4 90. Kh7 Ne6 91. g8Q Ng5+ 92. Kh6 Nf7+ 93. Kh5 1-0

[Event "SVK-chT1W 2223"]
[Site "Slovakia"]
[Date "2022.10.15"]
[Round "1.8"]
[White "Motuzova, Marta"]
[Black "Koloditsova, Renata"]
[Result "0-1"]
[WhiteElo "1776"]
[BlackElo "1881"]
[PlyCount "92"]
[EventDate "2022.10.15"]
[EventType "team-tourn"]
[EventRounds "11"]
[EventCountry "SVK"]
[SourceTitle "EXT 2024"]
[Source "ChessBase"]
[SourceDate "2023.10.10"]
[SourceVersion "1"]
[SourceVersionDate "2023.10.10"]
[SourceQuality "1"]
[WhiteTeam "Povazska Bystrica"]
[BlackTeam "Gabcikovo MSK"]
[WhiteTeamCountry "SVK"]
[BlackTeamCountry "SVK"]

1. d4 d5 2. c4 c6 3. Nc3 e6 4. Nf3 dxc4 5. a4 Bb4 6. e3 b5 7. Be2 Bb7 8. 0-0 a6 9. Ne5 Nf6 10. Qc2 Nbd7 11. f4 0-0 12. Bf3 Qc7 13. Bd2 Be7 14. Be1 Nd5 15. Bxd5 exd5 16. Nf3 b4 17. Ne2 Nf6 18. Bh4 Ng4 19. Qd2 Rfe8 20. Bxe7 Qxe7 21. Ne5 Nxe5 22. fxe5 a5 23. Rf3 Bc8 24. Rg3 Bf5 25. Nf4 Kh8 26. Rf1 Be6 27. Nh5 Rg8 28. Rf4 c5 29. Qc2 g6 30. Nf6 Rg7 31. Rh4 Bf5 32. Qc1 Ra6 33. e4 Rxf6 34. exf6 Qxf6 35. Rf4 Qxd4+ 36. Kh1 Bxe4 37. Rgf3 f5 38. Rf1 c3 39. bxc3 bxc3 40. Qa1 Rb7 41. Qe1 Rb2 42. Rxe4 dxe4 43. Qh4 Qd6 44. Qe1 Rd2 45. Qe3 c2 46. Qc3+ Qd4 0-1

[Event "SVK-chT3B2 2122"]
[Site "Slovakia"]
[Date "2022.05.08"]
[Round "10.1"]
[White "Sosovickova, Jana"]
[Black "Motuzova, Marta"]
[Result "1/2-1/2"]
[WhiteElo "1896"]
[BlackElo "1781"]
[PlyCount "37"]
[EventDate "2021.10.24"]
[EventType "team-tourn"]
[EventRounds "11"]
[EventCountry "SVK"]
[SourceTitle "EXT 2024"]
[Source "ChessBase"]
[SourceDate "2023.10.10"]
[SourceVersion "1"]
[SourceVersionDate "2023.10.10"]
[SourceQuality "1"]
[WhiteTeam "Dubnica nad Vahom IV"]
[BlackTeam "Puchov Vcielka"]
[WhiteTeamCountry "SVK"]
[BlackTeamCountry "SVK"]

1. e4 e6 2. d4 d5 3. Nc3 Nf6 4. Bg5 Be7 5. e5 Nfd7 6. h4 a6 7. Nf3 c5 8. Ne2 cxd4 9. Nexd4 Nc6 10. Nxc6 bxc6 11. c3 h6 12. Bf4 a5 13. h5 Qb6 14. Rb1 Ba6 15. Be3 Bc5 16. Bxc5 Nxc5 17. Rh4 Bxf1 18. Kxf1 Ne4 19. Qc2 1/2-1/2

[Event "SVK-chT3B2 2122"]
[Site "Slovakia"]
[Date "2021.10.24"]
[Round "1.2"]
[White "Motuzova, Marta"]
[Black "Jostic, Peter"]
[Result "1/2-1/2"]
[WhiteElo "1781"]
[BlackElo "2070"]
[PlyCount "47"]
[EventDate "2021.10.24"]
[EventType "team-tourn"]
[EventRounds "11"]
[EventCountry "SVK"]
[SourceTitle "EXT 2023"]
[Source "ChessBase"]
[SourceDate "2022.10.05"]
[SourceVersion "1"]
[SourceVersionDate "2022.10.05"]
[SourceQuality "1"]
[WhiteTeam "Puchov Vcielka"]
[BlackTeam "Trencin"]
[WhiteTeamCountry "SVK"]
[BlackTeamCountry "SVK"]

1. d4 d5 2. Nf3 Bf5 3. e3 Nf6 4. Be2 e6 5. Nbd2 c5 6. c3 Nc6 7. 0-0 Bd6 8. dxc5 Bxc5 9. Nd4 Bg6 10. Nxc6 bxc6 11. c4 0-0 12. Nf3 Qd6 13. b3 e5 14. Bb2 Rfe8 15. cxd5 cxd5 16. Rc1 Bb6 17. Bb5 Re7 18. Rc6 Qb4 19. Ba4 Bh5 20. Qc1 Bxf3 21. gxf3 Ree8 22. Rxf6 gxf6 23. Bxe8 Rxe8 24. Qc6 1/2-1/2

[Event "Vsetin op 45th"]
[Site "Vsetin"]
[Date "2020.07.09"]
[Round "8"]
[White "Nekvasil, Radek"]
[Black "Motuzova, Marta"]
[Result "0-1"]
[WhiteElo "1757"]
[BlackElo "1767"]
[PlyCount "152"]
[EventDate "2020.07.04"]
[EventType "swiss"]
[EventRounds "9"]
[EventCountry "CZE"]
[SourceTitle "CBM 197 Extra"]
[Source "ChessBase"]
[SourceDate "2020.09.30"]
[SourceVersion "1"]
[SourceVersionDate "2020.09.30"]
[SourceQuality "1"]

1. b4 Nf6 2. Nf3 e6 3. b5 d5 4. Bb2 Be7 5. e3 0-0 6. Be2 c6 7. a4 cxb5 8. axb5 Nbd7 9. 0-0 Nc5 10. d3 Bd7 11. c4 dxc4 12. dxc4 Qb6 13. Qc2 h6 14. Bd4 Qc7 15. Nc3 a5 16. Rfb1 b6 17. Na4 Nxa4 18. Rxa4 Rfc8 19. Ne5 Bd6 20. Qb2 Bf8 21. Bf3 Rab8 22. Nd3 Ne8 23. Qc2 Bd6 24. g3 e5 25. Ba1 Bf5 26. Bg2 f6 27. Bd5+ Kh8 28. e4 Bg4 29. Bc6 Bd7 30. c5 Bxc5 31. Nxc5 bxc5 32. Bxd7 Qxd7 33. Rxa5 Qc7 34. Qa4 Nd6 35. Ra7 Rb7 36. Rxb7 Qxb7 37. b6 Nxe4 38. Qa7 Rb8 39. Rb3 Nd2 40. Rb5 Ne4 41. Qa4 Nd6 42. Rxc5 Qxb6 43. Rc1 Qb4 44. Qd1 Ne4 45. Qc2 Nd2 46. Qd3 e4 47. Qe3 Nf3+ 48. Kg2 Qb7 49. Qf4 Re8 50. Rc7 Qb1 51. Rc1 Qb6 52. Qf5 Qe6 53. Qg6 Rf8 54. Rc7 Rg8 55. Rf7 Ng5 56. Rxf6 Qh3+ 57. Kg1 Nf3+ 58. Rxf3 exf3 59. Bxg7+ Rxg7 60. Qe8+ Rg8 61. Qe5+ Kh7 62. Qe4+ Kg7 63. Qxf3 Qe6 64. Qc3+ Kh7 65. Kg2 Re8 66. Qb2 Qe4+ 67. Kg1 Re7 68. Qb6 Rb7 69. Qxb7+ Qxb7 70. h4 h5 71. Kh2 Kg6 72. g4 hxg4 73. Kg1 Kh5 74. Kh2 Kxh4 75. Kg1 Kh3 76. Kf1 Kh2 0-1

[Event "Vsetin op 45th"]
[Site "Vsetin"]
[Date "2020.07.05"]
[Round "2"]
[White "Benes, Miroslav"]
[Black "Motuzova, Marta"]
[Result "0-1"]
[WhiteElo "2036"]
[BlackElo "1767"]
[PlyCount "86"]
[EventDate "2020.07.04"]
[EventType "swiss"]
[EventRounds "9"]
[EventCountry "CZE"]
[SourceTitle "CBM 197 Extra"]
[Source "ChessBase"]
[SourceDate "2020.09.30"]
[SourceVersion "1"]
[SourceVersionDate "2020.09.30"]
[SourceQuality "1"]

1. Nf3 e6 2. b3 d5 3. Bb2 Nf6 4. e3 Be7 5. Be2 c5 6. 0-0 Nbd7 7. c4 dxc4 8. bxc4 0-0 9. Qc2 Qc7 10. Nc3 a6 11. Rfd1 b6 12. d4 cxd4 13. exd4 Bb7 14. Rac1 Rac8 15. Qd3 Rfd8 16. Qb1 Bd6 17. d5 exd5 18. cxd5 Qb8 19. Qf5 Bf4 20. Rc2 g6 21. Qd3 Ne5 22. Nxe5 Bxe5 23. Bf3 Bxh2+ 24. Kh1 Be5 25. Re2 Ne8 26. Qe3 Bg7 27. Na4 Rc4 28. Rd4 Bxd4 29. Bxd4 Rxa4 30. d6 Rxd4 31. Qxd4 Bxf3 32. gxf3 Nxd6 33. Qf6 Ne8 34. Qc6 Qc8 35. Qa4 b5 36. Qb3 Qc4 37. Qb2 Qf4 38. Qb3 Nf6 39. Kg2 Nh5 40. Re4 Qf5 41. Qe3 g5 42. Re5 Nf4+ 43. Kf1 Rd1+ 0-1

[Event "Vsetin op 45th"]
[Site "Vsetin"]
[Date "2020.07.04"]
[Round "1"]
[White "Motuzova, Marta"]
[Black "Kapusta, Petr"]
[Result "0-1"]
[WhiteElo "1767"]
[BlackElo "2120"]
[PlyCount "102"]
[EventDate "2020.07.04"]
[EventType "swiss"]
[EventRounds "9"]
[EventCountry "CZE"]
[SourceTitle "CBM 197 Extra"]
[Source "ChessBase"]
[SourceDate "2020.09.30"]
[SourceVersion "1"]
[SourceVersionDate "2020.09.30"]
[SourceQuality "1"]

1. d4 Nf6 2. c4 g6 3. Nc3 Bg7 4. e4 d6 5. Bd3 0-0 6. Nge2 e5 7. d5 Nbd7 8. f3 Nc5 9. Bc2 a5 10. Be3 b6 11. a3 Ba6 12. Nb5 Nh5 13. g4 Nf4 14. Nxf4 exf4 15. Bd4 Bxb5 16. cxb5 Qh4+ 17. Ke2 Bxd4 18. Qxd4 a4 19. Raf1 Ra5 20. Bd3 Qe7 21. Bc4 f5 22. gxf5 Rxf5 23. Rfg1 Re5 24. Kd1 Ra8 25. Rg4 Rf8 26. Rhg1 Qf6 27. Bd3 Rh5 28. Qxf6 Rxf6 29. Bc2 Rxh2 30. R4g2 Rxg2 31. Rxg2 Kg7 32. Kd2 h5 33. Kc3 Kh6 34. Kd4 Nd7 35. Bxa4 Ne5 36. Bd1 g5 37. b3 Rf8 38. a4 h4 39. Rc2 Rf7 40. Rh2 Kh5 41. Be2 g4 42. fxg4+ Kg5 43. Rh1 f3 44. Bf1 Kxg4 45. Bh3+ Kg3 46. Bf5 f2 47. Bh3 Nf3+ 48. Ke3 Nh2 49. Bf1 Nxf1+ 50. Rxf1 Kg2 51. Ke2 Rf4 0-1

[Event "Stein am Rhein op 11th"]
[Site "Stein am Rhein"]
[Date "2020.02.08"]
[Round "2"]
[White "Kaufmann, Patrick"]
[Black "Motuzova, Marta"]
[Result "1-0"]
[WhiteElo "2042"]
[BlackElo "1784"]
[PlyCount "77"]
[EventDate "2020.02.07"]
[EventType "swiss"]
[EventRounds "5"]
[EventCountry "SUI"]
[SourceTitle "CBM 195 Extra"]
[Source "ChessBase"]
[SourceDate "2020.05.31"]
[SourceVersion "1"]
[SourceVersionDate "2020.05.31"]
[SourceQuality "1"]

1. e4 d5 2. exd5 Qxd5 3. Nc3 Qa5 4. d4 Nf6 5. Nf3 Bg4 6. h3 Bh5 7. Be2 Nc6 8. Bd2 0-0-0 9. b4 Qxb4 10. Rb1 Qd6 11. Nb5 Qd7 12. g4 Bg6 13. Ne5 Qd5 14. Bf3 Be4 15. Nxc6 bxc6 16. c4 Qe6 17. Nxa7+ Kd7 18. 0-0 Bxf3 19. Qxf3 Qe4 20. Qb3 e6 21. Rfe1 Qg6 22. Nxc6 Nxg4 23. hxg4 Qxg4+ 24. Kf1 Bd6 25. Ne5+ Bxe5 26. dxe5 Rb8 27. Qa4+ Kc8 28. Rxb8+ Kxb8 29. Rb1+ Kc8 30. Qa6+ Kd7 31. Qb5+ Kc8 32. Qa6+ Kd7 33. Qa4+ Kc8 34. Be3 Qh3+ 35. Ke2 Qh5+ 36. f3 Qh2+ 37. Bf2 Qxe5+ 38. Kf1 Qd6 39. Rd1 1-0

[Event "Stein am Rhein op 11th"]
[Site "Stein am Rhein"]
[Date "2020.02.07"]
[Round "1"]
[White "Motuzova, Marta"]
[Black "Lenz, Boris"]
[Result "1-0"]
[WhiteElo "1784"]
[BlackElo "1450"]
[PlyCount "51"]
[EventDate "2020.02.07"]
[EventType "swiss"]
[EventRounds "5"]
[EventCountry "SUI"]
[SourceTitle "CBM 195 Extra"]
[Source "ChessBase"]
[SourceDate "2020.05.31"]
[SourceVersion "1"]
[SourceVersionDate "2020.05.31"]
[SourceQuality "1"]

1. d4 d5 2. c4 c6 3. Nc3 Nf6 4. Nf3 e6 5. Qc2 dxc4 6. a4 Bb4 7. Bg5 b5 8. e4 Qa5 9. Bxf6 gxf6 10. Be2 Bxc3+ 11. bxc3 Bb7 12. 0-0 Qc7 13. Rfb1 a6 14. Qb2 Qf4 15. Bxc4 Qxe4 16. Re1 Qg4 17. Bf1 Rg8 18. Re3 c5 19. Ne1 Qh5 20. axb5 Nd7 21. bxa6 Ke7 22. Be2 Rxg2+ 23. Nxg2 Qf5 24. Rg3 cxd4 25. cxd4 e5 26. Qa3+ 1-0

[Event "SVK-chT3B2 1920"]
[Site "Slovakia"]
[Date "2019.12.08"]
[Round "5.2"]
[White "Masar, Jan"]
[Black "Motuzova, Marta"]
[Result "1/2-1/2"]
[WhiteElo "1791"]
[BlackElo "1780"]
[PlyCount "51"]
[EventDate "2019.10.06"]
[EventType "team-tourn"]
[EventRounds "11"]
[EventCountry "SVK"]
[SourceTitle "CBM 194 Extra"]
[Source "ChessBase"]
[SourceDate "2020.03.31"]
[SourceVersion "1"]
[SourceVersionDate "2020.03.31"]
[SourceQuality "1"]
[WhiteTeam "Handlova"]
[BlackTeam "Belusa"]
[WhiteTeamCountry "SVK"]
[BlackTeamCountry "SVK"]

1. e4 d5 2. exd5 Qxd5 3. Nf3 Nf6 4. Nc3 Qa5 5. Bc4 Bg4 6. 0-0 e6 7. Re1 Nbd7 8. h3 Bxf3 9. Qxf3 0-0-0 10. d4 Nb6 11. Re5 Qb4 12. Bd3 Qxd4 13. Ra5 a6 14. Rxa6 bxa6 15. Bxa6+ Kd7 16. Be3 Qb4 17. Rd1+ Bd6 18. Nb5 Ke7 19. Bxb6 cxb6 20. Na7 Qc5 21. Nc6+ Kd7 22. Nd4 Qd5 23. Bb5+ Kc8 24. Ba6+ Kd7 25. Bb5+ Kc8 26. Ba6+ 1/2-1/2

[Event "SVK-chT3B2 1920"]
[Site "Slovakia"]
[Date "2019.10.06"]
[Round "1.4"]
[White "Motuzova, Marta"]
[Black "Alexy, Peter"]
[Result "1/2-1/2"]
[WhiteElo "1780"]
[BlackElo "1895"]
[PlyCount "45"]
[EventDate "2019.10.06"]
[EventType "team-tourn"]
[EventRounds "11"]
[EventCountry "SVK"]
[SourceTitle "CBM 193 Extra"]
[Source "ChessBase"]
[SourceDate "2020.01.31"]
[SourceVersion "1"]
[SourceVersionDate "2020.01.31"]
[SourceQuality "1"]
[WhiteTeam "Belusa"]
[BlackTeam "Chynorany"]
[WhiteTeamCountry "SVK"]
[BlackTeamCountry "SVK"]

1. d4 Nf6 2. c4 g6 3. Nc3 Bg7 4. e4 d6 5. Bd3 Nc6 6. Nge2 e5 7. d5 Nd4 8. Nxd4 exd4 9. Ne2 Nh5 10. Bc2 Qf6 11. Ba4+ Kd8 12. h3 Qh4 13. Qd3 f5 14. exf5 Bxf5 15. Qd2 h6 16. Bc2 Re8 17. Bxf5 gxf5 18. 0-0 Re4 19. f3 Re3 20. Qd1 Re7 21. Qd3 c6 22. dxc6 bxc6 23. Bd2 1/2-1/2

[Event "SVK-chT2B 1718"]
[Site "Slovakia"]
[Date "2018.03.17"]
[Round "10.8"]
[White "Vanya, Attila"]
[Black "Motuzova, Marta"]
[Result "0-1"]
[WhiteElo "1760"]
[BlackElo "1812"]
[PlyCount "84"]
[EventDate "2017.10.28"]
[EventType "team-tourn"]
[EventRounds "11"]
[EventCountry "SVK"]
[SourceTitle "EXT 2020"]
[Source "ChessBase"]
[SourceDate "2019.10.17"]
[SourceVersion "1"]
[SourceVersionDate "2019.10.17"]
[SourceQuality "1"]
[WhiteTeam "Nove Zamky"]
[BlackTeam "Povazska Bystrica"]
[WhiteTeamCountry "SVK"]
[BlackTeamCountry "SVK"]

1. e4 d5 2. exd5 Qxd5 3. d4 Nc6 4. Nf3 Bg4 5. Nc3 Qa5 6. Bb5 0-0-0 7. Bxc6 bxc6 8. h3 Qh5 9. Qd3 Bxf3 10. gxf3 Kb7 11. Bf4 e6 12. 0-0-0 Nf6 13. Rdg1 Qa5 14. Be5 h6 15. Kb1 Nh5 16. Qe4 f6 17. Bh2 Qf5 18. Qxf5 exf5 19. Rd1 f4 20. Ne4 g5 21. c4 f5 22. Nc3 Bg7 23. Ne2 Rhe8 24. Rd2 Rd7 25. Kc2 Red8 26. Rhd1 Bf6 27. c5 Ng7 28. Kc3 Ne6 29. Kc4 Rd5 30. b4 a5 31. a3 axb4 32. axb4 Ra8 33. Nc3 Rdd8 34. b5 cxb5+ 35. Kxb5 Nxd4+ 36. Kc4 Nxf3 37. Rb1+ Kc8 38. Re2 Rd4+ 39. Kb5 Rb8+ 40. Kc6 Rxb1 41. Nxb1 Re4 42. Ra2 Nd4+ 0-1

[Event "SVK-chT2B 1718"]
[Site "Slovakia"]
[Date "2018.02.24"]
[Round "8.8"]
[White "Gyurenka, Adam"]
[Black "Motuzova, Marta"]
[Result "1/2-1/2"]
[WhiteElo "1692"]
[BlackElo "1812"]
[PlyCount "26"]
[EventDate "2017.10.28"]
[EventType "team-tourn"]
[EventRounds "11"]
[EventCountry "SVK"]
[SourceTitle "EXT 2019"]
[Source "ChessBase"]
[SourceDate "2018.10.10"]
[SourceVersion "1"]
[SourceVersionDate "2018.10.10"]
[SourceQuality "1"]
[WhiteTeam "Komarno II"]
[BlackTeam "Povazska Bystrica"]
[WhiteTeamCountry "SVK"]
[BlackTeamCountry "SVK"]

1. e4 e5 2. Nf3 Nc6 3. Bc4 Bc5 4. c3 Nf6 5. d4 exd4 6. cxd4 Bb4+ 7. Bd2 Bxd2+ 8. Nbxd2 d5 9. exd5 Nxd5 10. Qb3 Nce7 11. 0-0 0-0 12. Rfe1 c6 13. a4 Qb6 1/2-1/2

[Event "SVK-chT2B 1718"]
[Site "Slovakia"]
[Date "2017.11.25"]
[Round "3.8"]
[White "Motuzova, Marta"]
[Black "Sedlacek, Ondrej"]
[Result "0-1"]
[WhiteElo "1836"]
[BlackElo "1801"]
[PlyCount "38"]
[EventDate "2017.10.28"]
[EventType "team-tourn"]
[EventRounds "11"]
[EventCountry "SVK"]
[SourceTitle "CBM 181 Extra"]
[Source "ChessBase"]
[SourceDate "2017.12.12"]
[SourceVersion "1"]
[SourceVersionDate "2017.12.12"]
[SourceQuality "1"]
[WhiteTeam "Povazska Bystrica"]
[BlackTeam "Trencin"]
[WhiteTeamCountry "SVK"]
[BlackTeamCountry "SVK"]

1. d4 Nf6 2. c4 e6 3. Qc2 d5 4. e3 Nbd7 5. Nf3 c6 6. Bd3 Bd6 7. 0-0 0-0 8. Nc3 Re8 9. b3 e5 10. dxe5 Nxe5 11. Nxe5 Bxe5 12. Bb2 dxc4 13. Bxc4 Bxh2+ 14. Kh1 Re5 15. Be2 Ng4 16. Bxg4 Bxg4 17. Kxh2 Qh4+ 18. Kg1 Bf3 19. Rfc1 Rh5 0-1

[Event "SVK-chT1W 1617"]
[Site "Slovakia"]
[Date "2017.03.18"]
[Round "10.8"]
[White "Motuzova, Marta"]
[Black "Krupa, Miroslav"]
[Result "1-0"]
[WhiteElo "1869"]
[BlackElo "1788"]
[PlyCount "105"]
[EventDate "2016.10.15"]
[EventType "team-tourn"]
[EventRounds "11"]
[EventCountry "SVK"]
[SourceTitle "EXT 2019"]
[Source "ChessBase"]
[SourceDate "2018.10.10"]
[SourceVersion "1"]
[SourceVersionDate "2018.10.10"]
[SourceQuality "1"]
[WhiteTeam "Povazska Bystrica"]
[BlackTeam "Nitra NSK"]
[WhiteTeamCountry "SVK"]
[BlackTeamCountry "SVK"]

1. d4 d5 2. c4 e6 3. Nc3 Nf6 4. Nf3 Be7 5. Qc2 0-0 6. e4 dxe4 7. Nxe4 Nc6 8. Be3 Nxe4 9. Qxe4 Bb4+ 10. Bd2 Bxd2+ 11. Kxd2 Qd6 12. a3 Rd8 13. Kc3 f5 14. Qe3 b6 15. Rd1 e5 16. d5 e4 17. Nd4 Nxd4 18. Qxd4 Bb7 19. Be2 Qe7 20. Qe3 Qe5+ 21. Qd4 Qe7 22. Qe3 Rd6 23. Kc2 Re8 24. h4 Qe5 25. g3 Kh8 26. Rhe1 Bc8 27. Bh5 Rf8 28. Bf3 Qf6 29. Bh1 Rdd8 30. Qc3 Qxc3+ 31. Kxc3 Bb7 32. f3 exf3 33. Bxf3 Rfe8 34. Bg2 Kg8 35. b4 Kf8 36. Bf3 Rxe1 37. Rxe1 Re8 38. Rxe8+ Kxe8 39. Kd4 g6 40. Ke5 Ke7 41. c5 bxc5 42. bxc5 Ba6 43. d6+ cxd6+ 44. cxd6+ Kd7 45. Bd5 Bc8 46. Bg8 h6 47. Bh7 g5 48. Bxf5+ Kd8 49. hxg5 hxg5 50. g4 Bd7 51. Kf6 Bxf5 52. Kxf5 Kd7 53. Kxg5 1-0

[Event "SVK-chT3B2 1516"]
[Site "Slovakia"]
[Date "2016.03.06"]
[Round "9.2"]
[White "Solik, Rudolf"]
[Black "Motuzova, Marta"]
[Result "1/2-1/2"]
[WhiteElo "1888"]
[BlackElo "1847"]
[PlyCount "44"]
[EventDate "2015.10.11"]
[EventType "team-tourn"]
[EventRounds "11"]
[EventCountry "SVK"]
[SourceTitle "EXT 2017"]
[Source "ChessBase"]
[SourceDate "2016.10.25"]
[SourceVersion "1"]
[SourceVersionDate "2016.10.25"]
[SourceQuality "1"]
[WhiteTeam "Dubnica nad Vahom IV"]
[BlackTeam "Belusa"]
[WhiteTeamCountry "SVK"]
[BlackTeamCountry "SVK"]

1. c4 c5 2. e3 Nf6 3. d4 g6 4. Nf3 Bg7 5. Bd3 d5 6. 0-0 cxd4 7. exd4 dxc4 8. Bxc4 0-0 9. h3 a6 10. Re1 b5 11. Bb3 Bb7 12. Be3 Qd6 13. Nbd2 e6 14. Ne5 Nc6 15. Ndf3 Rad8 16. Qe2 Nd5 17. Nxc6 Bxc6 18. Bg5 Rc8 19. Rad1 Bb7 20. Bd2 Rfd8 21. Ba5 Re8 22. Bd2 Red8 1/2-1/2

[Event "BdF-Smaragd 05 email"]
[Site "GER email"]
[Date "2014.06.25"]
[Round "?"]
[White "Byrne, Veronica"]
[Black "Motuzova, Marta"]
[Result "0-1"]
[WhiteElo "1634"]
[BlackElo "1993"]
[PlyCount "42"]
[EventDate "2014.??.??"]
[EventType "tourn (corr)"]
[EventRounds "14"]
[EventCountry "GER"]
[SourceTitle "Corr 2024"]
[Source "ChessBase"]
[SourceDate "2023.10.19"]
[SourceVersion "1"]
[SourceVersionDate "2023.10.19"]
[SourceQuality "1"]

1. d4 Nf6 2. f3 d5 3. c3 c5 4. Bf4 Nc6 5. e3 Bd7 6. g4 e6 7. Nh3 Be7 8. a3 Qb6 9. g5 Nh5 10. Be5 Qxb2 11. Bxg7 Nxg7 12. Nd2 Qxc3 13. Nf4 Qxe3+ 14. Ne2 Nxd4 15. Qc1 Ba4 16. Rb1 Nc2+ 17. Qxc2 Bxc2 18. Rc1 Bd3 19. h4 Bd6 20. Rh3 Bxe2 21. Bxe2 Nf5 0-1

[Event "BdF-Smaragd 05 email"]
[Site "GER email"]
[Date "2014.06.25"]
[Round "?"]
[White "Motuzova, Marta"]
[Black "Moeckel, Jean L"]
[Result "1-0"]
[WhiteElo "1993"]
[BlackElo "1661"]
[PlyCount "57"]
[EventDate "2014.??.??"]
[EventType "tourn (corr)"]
[EventRounds "14"]
[EventCountry "GER"]
[SourceTitle "Corr 2017"]
[Source "ChessBase"]
[SourceDate "2017.09.19"]
[SourceVersion "1"]
[SourceVersionDate "2017.09.19"]
[SourceQuality "1"]

1. d4 d5 2. c4 e6 3. Nc3 Nc6 4. Nf3 Nf6 5. e3 Be7 6. Be2 0-0 7. 0-0 Bb4 8. Bd2 Bd6 9. a3 b6 10. Qc2 Bb7 11. b4 dxc4 12. Bxc4 Re8 13. Qd3 a6 14. Rfe1 h6 15. e4 b5 16. Bb3 e5 17. d5 Ne7 18. h3 Ng6 19. Rac1 Qe7 20. Be3 Rac8 21. g3 Rb8 22. Kg2 Bc8 23. Red1 Bd7 24. Nd2 h5 25. Nf3 Ra8 26. Ra1 Rab8 27. Bg5 Rb6 28. Qe2 Ra8 29. Rdc1 1-0

[Event "SVK-chT2B 1314"]
[Site "Slovakia"]
[Date "2013.11.24"]
[Round "4.8"]
[White "Motuzova, Marta"]
[Black "Novotny, Michal1111"]
[Result "1/2-1/2"]
[WhiteElo "1799"]
[BlackElo "1964"]
[PlyCount "107"]
[EventDate "2013.10.19"]
[EventType "team-tourn"]
[EventRounds "11"]
[EventCountry "SVK"]
[SourceTitle "EXT 2015"]
[Source "ChessBase"]
[SourceDate "2014.11.20"]
[SourceVersion "1"]
[SourceVersionDate "2014.11.20"]
[SourceQuality "1"]
[WhiteTeam "Povazska Bystrica III"]
[BlackTeam "Tlmace"]
[WhiteTeamCountry "SVK"]
[BlackTeamCountry "SVK"]

1. d4 d5 2. c4 e6 3. Nc3 Nf6 4. Nf3 c6 5. Qc2 Bb4 6. e3 Nbd7 7. Bd3 dxc4 8. Bxc4 Qa5 9. 0-0 Bxc3 10. bxc3 0-0 11. Bd2 e5 12. Bd3 Re8 13. Ng5 Nf8 14. f4 exf4 15. exf4 h6 16. Ne4 Nxe4 17. Bxe4 Nd7 18. Bh7+ Kh8 19. Rae1 Rxe1 20. Rxe1 Nf6 21. Bd3 Be6 22. c4 Qd8 23. Bc3 b5 24. cxb5 cxb5 25. Bxb5 Rc8 26. Qd2 Qd5 27. Bd3 Qxa2 28. Qxa2 Bxa2 29. Ba1 a5 30. h3 a4 31. Kf2 Nd5 32. g3 a3 33. Bf5 Rb8 34. Rc1 Kg8 35. Rc8+ Rxc8 36. Bxc8 Bb1 37. Bd7 a2 38. Ba4 Nb4 39. Bd1 Kf8 40. Ke2 Ke7 41. Kd2 f6 42. Bb3 Kd6 43. Kc3 Nd5+ 44. Kb2 g5 45. fxg5 fxg5 46. Bxa2 Bxa2 47. Kxa2 h5 48. Kb3 Ne3 49. Kc3 Kd5 50. Kd3 Nf5 51. g4 hxg4 52. hxg4 Nh6 53. Bc3 Nxg4 54. Bd2 1/2-1/2